<?xml version="1.0" encoding="UTF-8"?>
<record
    xmlns:xsi="http://www.w3.org/2001/XMLSchema-instance"
    xsi:schemaLocation="http://www.loc.gov/MARC21/slim http://www.loc.gov/standards/marcxml/schema/MARC21slim.xsd"
    xmlns="http://www.loc.gov/MARC21/slim">

  <leader>01594nam a22002537a 4500</leader>
  <datafield tag="999" ind1=" " ind2=" ">
    <subfield code="c">21953</subfield>
    <subfield code="d">21953</subfield>
  </datafield>
  <controlfield tag="003">AR-CdUCM</controlfield>
  <controlfield tag="008">190425b           ||||| |||| 00| 0 spa d</controlfield>
  <datafield tag="040" ind1=" " ind2=" ">
    <subfield code="a">MUNICIPALIDAD PROVINCIAL DEL CUSCO</subfield>
    <subfield code="c">BIBLIOTECA MUNICIPAL DEL CUSCO</subfield>
  </datafield>
  <datafield tag="082" ind1=" " ind2=" ">
    <subfield code="a">Cantua/N&#xB0;12/2003</subfield>
  </datafield>
  <datafield tag="245" ind1=" " ind2=" ">
    <subfield code="a">Revista Cantua /</subfield>
    <subfield code="c">&#xD3;rgano del Centro de estudiantes de Ciencias Biol&#xF3;gicas</subfield>
  </datafield>
  <datafield tag="260" ind1=" " ind2=" ">
    <subfield code="a">Cusco :</subfield>
    <subfield code="b">&#xD3;rgano del Centro de estudiantes de Ciencias Biol&#xF3;gicas,</subfield>
    <subfield code="c">2003.</subfield>
  </datafield>
  <datafield tag="300" ind1=" " ind2=" ">
    <subfield code="a">100 p&#xE1;ginas. :</subfield>
    <subfield code="b">ilustraciones ;</subfield>
    <subfield code="c">29 cm.</subfield>
  </datafield>
  <datafield tag="440" ind1=" " ind2=" ">
    <subfield code="a">Cantua</subfield>
    <subfield code="n">N&#xFA;mero 12,  a&#xF1;o 2003.</subfield>
    <subfield code="9">46976</subfield>
  </datafield>
  <datafield tag="505" ind1=" " ind2=" ">
    <subfield code="a">Contenido: En busca del Trifunus melancolicus, homenaje postumo al fundador del herbario Vargas-Cuz, al conmemorar el centenario de su nacimiento. -- C&#xE9;sar Vargas investigador y maestro. -- Biograf&#xED;a de JUlio C&#xE9;sar Vargas Calder&#xF3;n .-- Especies de la flora lomal en el afloramiento Geol&#xF3;gico Cret&#xE1;cico Yuncaypata en Urubamba Cusco. -- Huacarpay relicto de bosque seco de valle interandino, inventario flor&#xED;stico de un ecosistema en peligro. -- Importancia de los humedales interandinos en las provincias de Quispicanchis, Calca y Urubamba. -- La biosfera del Manu. -- C&#xFA;pula de aire contaminado en la baja troposfera de la ciudad de Cusco. -- Plantas transg&#xE9;nicas...</subfield>
  </datafield>
  <datafield tag="650" ind1=" " ind2=" ">
    <subfield code="a">Biolog&#xED;a</subfield>
    <subfield code="9">881</subfield>
  </datafield>
  <datafield tag="650" ind1=" " ind2=" ">
    <subfield code="a">Ecolog&#xED;a</subfield>
    <subfield code="9">4960</subfield>
  </datafield>
  <datafield tag="650" ind1=" " ind2=" ">
    <subfield code="a">Insectos</subfield>
    <subfield code="9">46969</subfield>
  </datafield>
  <datafield tag="650" ind1=" " ind2=" ">
    <subfield code="a">Cusco</subfield>
    <subfield code="9">772</subfield>
  </datafield>
  <datafield tag="700" ind1=" " ind2=" ">
    <subfield code="a">Tupayachi Herrera, Alfredo</subfield>
    <subfield code="9">20659</subfield>
  </datafield>
  <datafield tag="710" ind1=" " ind2=" ">
    <subfield code="a">Universidad Nacional de San Antonio Abad del Cusco</subfield>
    <subfield code="9">15942</subfield>
  </datafield>
  <datafield tag="942" ind1=" " ind2=" ">
    <subfield code="2">ddc</subfield>
    <subfield code="c">PP</subfield>
  </datafield>
  <datafield tag="945" ind1=" " ind2=" ">
    <subfield code="a">rac</subfield>
  </datafield>
  <datafield tag="952" ind1=" " ind2=" ">
    <subfield code="0">0</subfield>
    <subfield code="2">ddc</subfield>
    <subfield code="4">0</subfield>
    <subfield code="7">0</subfield>
    <subfield code="a">HEM</subfield>
    <subfield code="b">HEM</subfield>
    <subfield code="c">CART</subfield>
    <subfield code="d">2022-01-18</subfield>
    <subfield code="e">Donaci&#xF3;n</subfield>
    <subfield code="g">10.00</subfield>
    <subfield code="o">Cantua/N&#xB0;12/2003</subfield>
    <subfield code="p">REVC000468</subfield>
    <subfield code="r">2022-01-18</subfield>
    <subfield code="y">PP</subfield>
  </datafield>
</record>
